000
00291nam a2200097Ia 4500
082
_a
916.8711|GREE
245
0
_a
Cape Town, tavern of the seas
100
_a
GREEN, Lawrence George Alberton, South Africa, 2005
_9
46173
942
_c
BK
008
210817s9999 xx 000 0 und d
999
_c
152108
_d
152107